| 000 | 00418nam a22001697a 4500 | ||
|---|---|---|---|
| 003 | SGT | ||
| 020 | _a978-81-312-4251-3 | ||
| 082 |
_a616.5 _bD12T |
||
| 100 | _aTHAPPA,DEVINDER | ||
| 245 | _aTEXT BOOK OF DERMATOLOGY,VENERCOLOGY AND LEPROLOGY | ||
| 250 | _a4TH | ||
| 260 |
_aNEW DELHI _bELSEVIER _c2012 |
||
| 300 | _a470 | ||
| 650 | _aAYURVEDA | ||
| 653 | _aDERMATOLOGY,VENERCOLOGY, LEPROLOGY, | ||
| 942 |
_2ddc _cBK _01 |
||
| 999 |
_c16925 _d16925 |
||